Об отпуске сумм на проведение шахматного чемпионата СССР

Доступно только в Электронных читальных залах Найти на картеНа карте
RUSMARC
00003706nac2a22002533x 450
001c4579efb-6c8d-448e-84eb-96b7414a4a3b
00520220630164654.0
100##$a20220622l19271928k y0rusy50 ca
1010#$arus
102##$aRU
105##$ay z |||||
1222#$ad19271025
$ad19280815
2001#$aОб отпуске сумм на проведение шахматного чемпионата СССР
$j25.10.1927 - 15.08.1928
215##$a3 листа
251##$cДело
300##$aОбратная нумерация листов
300##$aЧасть текста машинописная и рукописная, часть - напечатана типографским способом
324##$aВ деле имеются копии отдельных документов
461#0$1001796d4672-8a00-4986-b488-6e42273792cc
$12001
$aЦЕНТРАЛЬНЫЙ ИСПОЛНИТЕЛЬНЫЙ КОМИТЕТ СССР (ЦИК СССР)
$1251
$cФонд
$1852
$j3316
$gР
462#0$100132596c4a-d2eb-4260-9e90-fb02692d36c2
$12001
$aДела Секретариата Президиума ЦИК СССР за 1927 г.
$vД. 601
$1251
$cОпись
$1852
$j20
60101$3RU\NLR\AUTH\880357276
$aСССР
$bЦИК
801#0$aRU
$bGA_RF
801#1$aRU
$bГлавНИВЦ
$c20220622
$2rusmarc
801#2$aRU
$bПБ им. Б.Н. Ельцина
$c20220630
$gRCR
$2rusmarc
852##$aГА РФ
$j601
937##$d176922961
$hГАРФ
035##$aRuPRLIB51067503
856##$uhttp://readingroom.main.prlib.ru/item.aspx?id_node=n176922961&mode=full
Формат отображения